Biggest Cities in Every African Country - Statistics

General Stats
  • This quiz has been taken 26 times
  • The average score is 67 of 161
Answer Stats
Country Answer Population % Correct
Algeria Algiers 1,977,663
100%
Angola Luanda 2,776,168
100%
Cote D'Ivoire Abidjan 3,677,115
95%
Ghana Accra 1,963,264
95%
Ethiopia Addis Ababa 2,757,729
95%
Alexandria 3,811,516
95%
Madagascar Antananarivo 1,391,433
95%
Egypt Cairo 7,734,614
95%
South Africa Cape Town 3,433,441
95%
Morocco Casablanca 3,144,909
95%
Senegal Dakar 2,476,400
95%
Fes 964,891
95%
Johannesburg 2,026,469
95%
Democratic Republic of the Congo Kinshasa 7,785,965
95%
Nigeria Lagos 9,000,000
95%
Mozambique Maputo 1,191,613
95%
Kenya Nairobi 2,750,547
95%
Libya Tripoli 1,150,989
95%
Eritrea Asmara 563,930
90%
Guinea-Bissau Bissau 388,028
90%
Republic of the Congo Brazzaville 1,284,609
90%
Conakry 1,767,200
90%
Tanzania Dar es Salaam 2,698,652
90%
Djibouti Djibouti 623,891
90%
Durban 3,120,282
90%
Botswana Gaborone 208,411
90%
Kano 3,626,068
90%
Sudan Khartoum 1,974,647
90%
Rwanda Kigali 745,261
90%
Somalia Mogadishu 2,587,183
90%
Mombasa 799,668
90%
Liberia Monrovia 939,524
90%
Chad N'Djamena 721,081
90%
Burkina Faso Ouagadougou 1,086,505
90%
Rabat 1,655,753
90%
Tunisia Tunis 693,210
90%
Namibia Windhoek 268,132
90%
Yaounde 1,299,369
90%
Mali Bamako 1,297,281
86%
Central African Republic Bangui 542,393
86%
Zimbabwe Harare 1,542,813
86%
South Sudan Juba 450,000
86%
Uganda Kampala 1,353,189
86%
Malawi Lilongwe 646,750
86%
Togo Lome 749,700
86%
Zambia Lusaka 1,267,440
86%
Niger Niamey 774,235
86%
Oran 645,984
86%
Cape Verde Praia 113,364
86%
Benghazi 650,629
81%
Ibadan 3,565,108
81%
Gabon Libreville 578,156
81%
Lesotho Maseru 118,355
81%
Mbabane 76,218
81%
Comoros Moroni 42,872
81%
São Tomé and Príncipe Sao Tome 53,300
81%
Cameroon Douala 1,338,082
76%
Sierra Leone Freetown 802,639
76%
Mauritania Nouakchott 661,400
76%
Seychelles Victoria 22,881
76%
Burundi Bujumbura 331,700
71%
Lubumbashi 1,373,770
71%
Malabo 155,963
71%
Mauritius Port Louis 155,226
71%
Giza 2,443,203
67%
Benin Cotonou 780,000
62%
Kumasi 1,468,609
62%
Sfax 277,278
62%
Blantyre 584,877
48%
Mbuji-Mayi 874,761
43%
Mwanza 436,801
43%
Omdurman 1,200,000
43%
Pointe-Noire 659,084
43%
Zanzibar 403,658
43%
Bo 174,354
38%
Bulawayo 699,385
38%
Francistown 89,979
29%
Sousse 164,123
29%
Bimbo 129,655
24%
Bobo-Dioulasso 360,106
24%
Gambia Serekunda 340,000
24%
Equatorial Guinea Bata 173,046
19%
Beira 530,604
19%
Dire Dawa 252,279
19%
Huambo 226,145
19%
Kitwe 400,914
19%
Port-Gentil 109,163
19%
Touba 529,176
19%
Walvis Bay 52,058
19%
Hargeysa 477,876
14%
Matola 675,422
14%
Tamale 360,579
14%
Zinder 191,424
14%
Bouake 567,481
10%
Franceville 42,967
10%
Eswatini Manzini 110,537
10%
Mek'ele 215,546
10%
Mzuzu 175,345
10%
Ndola 394,518
10%
Antsirabe 186,253
5%
Big Bend 10,342
5%
Butare 89,600
5%
Gabu 14,430
5%
Kara 104,207
5%
Kenema 143,137
5%
Keren 74,800
5%
Koudougou 87,347
5%
Maradi 163,487
5%
Molepolole 63,248
5%
Mopti 108,456
5%
Nakuru 259,903
5%
Nouadhibou 72,337
5%
Nyala 565,734
5%
Toamasina 206,373
5%
Abobo 900,000
0%
Abomey-Calavi 385,755
0%
'Ali Sabieh 40,074
0%
Anse Boileau 4,183
0%
Bafata 22,521
0%
Bakau 43,098
0%
Bassin-Rose Hill 111,355
0%
Bel Ombre 4,163
0%
Berbera 242,344
0%
Boumderas 786,499
0%
Brikama 77,700
0%
Guinea Camayenne 1,871,242
0%
Chitungwiza 340,360
0%
Danan 40,074
0%
Djougou 237,040
0%
Dolisie 103,894
0%
Ebebiyin 24,831
0%
Fomboni 14,966
0%
Garoua 436,899
0%
Gbarnga 45,835
0%
Gitarama 87,613
0%
Gulu 146,858
0%
Kakata 33,945
0%
Leribe 47,675
0%
Lira 119,323
0%
Mafeteng 57,059
0%
Malakal 160,765
0%
Massawa 23,100
0%
Mbaiki 67,132
0%
Mindelo 70,611
0%
Misratah 386,120
0%
Moundou 135,167
0%
Moutsamoudou 23,594
0%
Muyinga 71,076
0%
N'dalatando 383,100
0%
Nema 60,000
0%
Nzerekore 132,728
0%
Pikine 874,062
0%
Rundu 58,172
0%
Ruyigi 38,458
0%
Santa Maria 17,231
0%
Santo Antonio 1,156
0%
Sarh 102,528
0%
Sikasso 144,786
0%
Sokode 117,811
0%
Vacoas 110,000
0%
Winejok 300,000
0%
No matching quizzes found
Score Distribution
Percent of People with Each Score
Percentile by Number Answered
Your Score History
You have not taken this quiz